000 01663nam a22004337a 4500
001 000102389
003 CHAP
005 20220817044347.0
008 100721s2010 mx r 00010 spa d
010 _a98852
011 _a99824
035 _a110510
040 _cCHAP
090 _aTesis
100 1 _aJuárez García, Pedro Humberto.
_962416
245 1 0 _aIdentificación de líneas vigorosas de frijol (Phaseolus vulgaris L.) en función del índice de velocidad de emergencia /
_c/por Pedro Humberto Juárez García y Fernando Vargas Licea.
260 _aChapingo, Méx. :
_bEl autor,
_c2010.
300 _avi, 70 h. :
_bcuadros, gráfs.
502 _aTesis (Ing. Agr. Esp. en Fitotecnia) -- UACH. Departamento de Fitotecnia
590 _aALEPH
_b10
_c20130110
_lUCH01
_h1535
590 _aBATCH-UPD
_b10
_c20130110
_lUCH01
_h1430
590 _aBATCH-UPD
_b10
_c20130410
_lUCH01
_h0907
590 _aBATCH-UPD
_b10
_c20130914
_lUCH01
_h1438
590 _aBATCH-UPD
_b10
_c20140324
_lUCH01
_h1518
590 _aBATCH-UPD
_b10
_c20141002
_lUCH01
_h0844
590 _aCONVERSION
_b10
_c20130109
_lUCH01
_h1355
590 _aE12093SGE
_b10
_c20130718
_lUCH01
_h0945
650 1 4 _aFrijol
_xCalidad.
_943340
650 1 4 _aFrijol
_xGenética.
650 1 4 _aFrijol
_xSemilla.
_943433
650 1 4 _aFrijol
_zMéxico (Edo.).
_943456
700 1 _aVargas Licea, Fernando
_9118032
856 _3Finding aid
_uhttp://10.13.5.2/tesis/110510.pdf
_zTeclea aquí
901 _aBK
942 _cFOLL
942 _n0
949 _aTesis
_bBC
_cTES
_d33724002177504
_eTS2
_fc.2
_gDonaciØn
_h50823
_i110510
_st
949 _aTesis
_bBC
_cTES
_d33724002177545
_eTS1
_gDonaciØn
_h50822
_i110510
_st
999 _c98852
_d98852